Que s'est-il passé un 10 mars? - Statistiques

Statistiques générales
  • Ce quiz a été pris 59 fois
  • Le résultat moyen est 6 sur 16
Statistiques - réponses
Année Indice Réponse % Correct
241 av. J-C Rome défait cette puissance lors de la première guerre punique Carthage
65%
1977 Les anneaux de cette planètes sont découverts Uranus
60%
1952 Dans ce pays, Fulgencio Batista prend le pouvoir par un coup d'état Cuba
51%
1985 Ce pays sudaméricain voit la démocratie rétablie Uruguay
51%
1906 La France connaît sa plus grande catastrophe minière, dans ce département Pas-de-Calais
47%
1560 Les Guises découvrent la conjuration d'Amboise, visant ce roi de France François II
46%
1893 La Guinée et cet autre pays deviennent des colonies françaises Côte d'Ivoire
42%
1933 Les nazis ouvrent leur premier camp de concentration dans cette ville Dachau
42%
1785 Ce futur président américain succède à Benjamin Franklin à l'ambassade des États-Unis en France Thomas Jefferson
37%
1945 Bombardement le plus meurtrier de cette grande ville par les américains Tokyo
28%
1535 Thomas de Berlanga découvre cet archipel sudaméricain Îles Galápagos
25%
1831 Cet instance militaire est créée Légion étrangère
25%
1997 Le Vatican annonce le début de relations diplomatiques avec ce pays africain Libye
25%
1998 Ce dictateur quitte son poste de commandant en chef et devient sénateur à vie Augusto Pinochet
19%
1934 Dans cette ville, l'Église Saint-Nicaise est victime d'un incendie Rouen
9%
1862 La France et la Grande-Bretagne reconnaissent l'indépendance de cet ancien pays africain Zanzibar
5%
Aucun quiz correspondant
Distribution des résultats
% des personnes avec chaque résultat
Percentile par nombre de réponses
Votre historique - résultats
Vous n’avez pas pris ce quiz